[Event "Santa Cruz op 8th"]
[Site "Santa Cruz"]
[Date "2024.01.12"]
[Round "4"]
[White "Almendras, Elias"]
[Black "Barros Jardi Arce, Sarai"]
[Result "1/2-1/2"]
[WhiteElo "1931"]
[BlackElo "1382"]
[PlyCount "86"]
[EventDate "2024.01.11"]
[EventType "swiss"]
[EventRounds "7"]
[EventCountry "BOL"]
[SourceTitle "CB04_2024"]
[SourceDate "2023.10.16"]
[SourceVersion "1"]
[SourceVersionDate "2023.10.16"]
[SourceQuality "1"]

1. e4 e6 2. Qe2 Be7 3. g3 d5 4. Bg2 dxe4 5. Bxe4 Nf6 6. Bg2 c5 7. Nf3 Nc6 8. 0-0 0-0 9. d3 Bd7 10. Nbd2 Rc8 11. c3 Nd5 12. Rd1 Qc7 13. Ne4 Ne5 14. Neg5 Nxf3+ 15. Bxf3 Nf6 16. Bf4 Qb6 17. Be5 Bc6 18. d4 Bxf3 19. Nxf3 Rfd8 20. Rd2 Nd7 21. Bf4 cxd4 22. Nxd4 a6 23. Rad1 Nf6 24. Be3 Qc7 25. Bf4 Qb6 26. Nf5 Bf8 27. Nd6 Rc6 28. Nc4 Rxd2 29. Rxd2 Qb5 30. Ne5 Qxe2 31. Rxe2 Rd6 32. Kg2 Rd1 33. Rd2 Rxd2 34. Bxd2 Ne4 35. Be3 Bc5 36. Kf3 Bxe3 37. Kxe3 Nd6 38. Kd4 Kf8 39. Kc5 Ke7 40. Nd3 Nc8 41. f4 f6 42. a4 Kd7 43. a5 Kc7 1/2-1/2

[Event "BOL-ch"]
[Site "Santa Cruz"]
[Date "2023.06.07"]
[Round "2"]
[White "Titichoca Daza, Daniel Henry"]
[Black "Almendras, Elias"]
[Result "1-0"]
[WhiteElo "2187"]
[BlackElo "1942"]
[PlyCount "55"]
[EventDate "2023.06.06"]
[EventType "tourn"]
[EventRounds "9"]
[EventCountry "BOL"]
[SourceTitle "CBM 215 Extra"]
[Source "ChessBase"]
[SourceDate "2023.09.30"]
[SourceVersion "1"]
[SourceVersionDate "2023.09.30"]
[SourceQuality "1"]

1. e4 e6 2. d4 d5 3. Nc3 Nf6 4. e5 Nfd7 5. f4 c5 6. Nf3 Nc6 7. Be3 Qb6 8. Na4 Qc7 9. Nxc5 Nxd4 10. Bxd4 Bxc5 11. c3 0-0 12. Bd3 f6 13. 0-0 b6 14. Qe1 Rf7 15. Kh1 Nf8 16. Rc1 Qd7 17. Qh4 Be7 18. exf6 gxf6 19. Qh6 Qd8 20. g4 Bd6 21. g5 Bxf4 22. Ne5 fxe5 23. Rxf4 Rxf4 24. Bxe5 Qe7 25. g6 Rf5 26. gxh7+ Nxh7 27. Bxf5 exf5 28. Rg1+ 1-0

[Event "Cochabamba op 6th"]
[Site "Cochabamba"]
[Date "2023.03.03"]
[Round "4"]
[White "Almendras, Elias"]
[Black "Mendoza, Samantha"]
[Result "1/2-1/2"]
[WhiteElo "1964"]
[BlackElo "1701"]
[PlyCount "79"]
[EventDate "2023.03.02"]
[EventType "swiss"]
[EventRounds "7"]
[EventCountry "BOL"]
[SourceTitle "CBM 213 Extra"]
[Source "ChessBase"]
[SourceDate "2023.05.31"]
[SourceVersion "1"]
[SourceVersionDate "2023.05.31"]
[SourceQuality "1"]

1. d4 Nf6 2. Nc3 d5 3. Bf4 Bf5 4. f3 e6 5. g4 Bg6 6. h4 h6 7. h5 Bh7 8. e3 Bd6 9. Bd3 Bxf4 10. exf4 Qd6 11. Nge2 a6 12. Bxh7 Rxh7 13. Qd3 Nc6 14. 0-0-0 0-0-0 15. a3 Rhh8 16. Na4 Na5 17. Nc5 Nc4 18. Qb3 Qb6 19. Qxb6 cxb6 20. Nd3 Nd7 21. Rdg1 f6 22. g5 e5 23. dxe5 fxe5 24. fxe5 Ncxe5 25. Nxe5 Nxe5 26. Nd4 Rdf8 27. Rh3 Rf4 28. c3 Rhf8 29. Rgg3 R8f7 30. gxh6 gxh6 31. Kc2 Kd7 32. Rg8 Nc6 33. Ne2 Rxf3 34. Rxf3 Rxf3 35. Rg6 Rf2 36. Kd1 Rf1+ 37. Kd2 Rb1 38. Kc2 Re1 39. Kd2 Rb1 40. Kc2 1/2-1/2

[Event "Oruro op 8th"]
[Site "Oruro"]
[Date "2022.05.07"]
[Round "5"]
[White "Titichoca Daza, Daniel Henry"]
[Black "Almendras, Elias"]
[Result "1-0"]
[WhiteElo "2189"]
[BlackElo "1996"]
[PlyCount "93"]
[EventDate "2022.05.05"]
[EventType "swiss"]
[EventRounds "7"]
[EventCountry "BOL"]
[SourceTitle "CBM 208 Extra"]
[Source "ChessBase"]
[SourceDate "2022.07.31"]
[SourceVersion "1"]
[SourceVersionDate "2022.07.31"]
[SourceQuality "1"]

1. c4 Nf6 2. Nc3 g6 3. e4 d6 4. d4 Bg7 5. h3 0-0 6. Be3 e5 7. d5 Nh5 8. g3 c6 9. Be2 Nf6 10. Nf3 cxd5 11. cxd5 Qa5 12. Nd2 Ne8 13. g4 Qd8 14. g5 f5 15. gxf6 Nxf6 16. h4 h6 17. Rg1 Kh7 18. Qb3 Na6 19. 0-0-0 Nc5 20. Qc2 Bd7 21. Kb1 Rc8 22. Nc4 Qe7 23. b4 Ncxe4 24. Nxe4 Nxe4 25. Bd3 Ba4 26. Qc1 Bxd1 27. Bxe4 Bh5 28. Qc2 Rf6 29. Qd3 b6 30. Kb2 Qf7 31. Kb3 Kh8 32. Rc1 Qd7 33. Qc2 Qh3 34. Rh1 Qg4 35. Qd3 Qd7 36. Rg1 Kh7 37. Rg3 Qc7 38. Rg1 Qf7 39. a4 Qd7 40. Rg3 Qe8 41. b5 Qd7 42. Na3 Rc7 43. Nc2 Rf4 44. Nb4 Bf6 45. Nc6 Bxh4 46. Bxf4 exf4 47. Rh3 1-0

[Event "Oruro op 8th"]
[Site "Oruro"]
[Date "2022.05.06"]
[Round "3"]
[White "Mattes del Castillo, Addy"]
[Black "Almendras, Elias"]
[Result "0-1"]
[WhiteElo "1687"]
[BlackElo "1996"]
[PlyCount "51"]
[EventDate "2022.05.05"]
[EventType "swiss"]
[EventRounds "7"]
[EventCountry "BOL"]
[SourceTitle "CBM 208 Extra"]
[Source "ChessBase"]
[SourceDate "2022.07.31"]
[SourceVersion "1"]
[SourceVersionDate "2022.07.31"]
[SourceQuality "1"]

1. e4 d5 2. exd5 Qxd5 3. c4 Qa5 4. Nc3 Nc6 5. d4 Bf5 6. g4 Bg6 7. Bd3 0-0-0 8. Nf3 e5 9. 0-0 Nxd4 10. Ne4 Nf6 11. Nfg5 Nc6 12. Qf3 h6 13. Nxf7 Nd4 14. Qh3 Bxf7 15. Bd2 Qa6 16. Nxf6 gxf6 17. Bc3 Rg8 18. Bxd4 Rxd4 19. Bf5+ Be6 20. Bxe6+ Qxe6 21. f3 f5 22. Kh1 fxg4 23. fxg4 Rdxg4 24. Qf3 Bc5 25. Rad1 Bd4 26. Qe4 0-1

[Event "BOL-ch"]
[Site "La Paz"]
[Date "2020.01.22"]
[Round "2"]
[White "Almendras, Elias"]
[Black "Gemy Vargas, Jose Daniel"]
[Result "1-0"]
[WhiteElo "2094"]
[BlackElo "2376"]
[PlyCount "51"]
[EventDate "2020.01.21"]
[EventType "tourn"]
[EventRounds "9"]
[EventCountry "BOL"]
[SourceTitle "CBM 195 Extra"]
[Source "ChessBase"]
[SourceDate "2020.05.31"]
[SourceVersion "1"]
[SourceVersionDate "2020.05.31"]
[SourceQuality "1"]

1. e4 g6 2. d4 Nf6 3. Nc3 d6 4. Be3 c6 5. a4 a5 6. Nf3 Bg7 7. Qd2 Ng4 8. Bg5 h6 9. Bh4 g5 10. Bg3 Nf6 11. e5 dxe5 12. Nxe5 Nh5 13. Qe3 Nxg3 14. hxg3 Nd7 15. f4 Qb6 16. 0-0-0 Nxe5 17. fxe5 Be6 18. Ne4 Bxe5 19. Nc5 Bf6 20. Nxe6 fxe6 21. Qxe6 Kd8 22. g4 Kc7 23. Rh3 Qb4 24. Rb3 Qxa4 25. c3 Qa1+ 26. Kd2 1-0

[Event "BOL-ch"]
[Site "La Paz"]
[Date "2020.01.22"]
[Round "3"]
[White "Cordero, Daniela"]
[Black "Almendras, Elias"]
[Result "0-1"]
[WhiteElo "2063"]
[BlackElo "2094"]
[PlyCount "102"]
[EventDate "2020.01.21"]
[EventType "tourn"]
[EventRounds "9"]
[EventCountry "BOL"]
[SourceTitle "CBM 195 Extra"]
[Source "ChessBase"]
[SourceDate "2020.05.31"]
[SourceVersion "1"]
[SourceVersionDate "2020.05.31"]
[SourceQuality "1"]

1. d4 Nf6 2. Nf3 g6 3. c4 Bg7 4. g3 0-0 5. Bg2 d5 6. cxd5 Nxd5 7. e3 Nc6 8. 0-0 Nb6 9. Nc3 a6 10. h3 e5 11. d5 Ne7 12. e4 Nc4 13. Qe2 Nd6 14. a4 Bd7 15. b4 h6 16. Ra3 b5 17. a5 Nc4 18. Rb3 f5 19. Nd2 Nd6 20. Bb2 f4 21. g4 g5 22. f3 Rc8 23. Rd1 Be8 24. Na2 c5 25. bxc5 Rxc5 26. Nb4 Qxa5 27. Nd3 Rc2 28. Bxe5 Bxe5 29. Nxe5 Qa2 30. Rbb1 b4 31. Qd3 Bb5 32. Qd4 Be2 33. Qxb4 Nec8 34. Ra1 Qb2 35. Qxb2 Rxb2 36. Bf1 Bxd1 37. Rxd1 Nb6 38. Ndc4 Ndxc4 39. Nxc4 Nxc4 40. Bxc4 Kf7 41. e5 Rc8 42. e6+ Kf6 43. Bxa6 Rcc2 44. Bd3 Rg2+ 45. Kh1 Rh2+ 46. Kg1 Rbg2+ 47. Kf1 Rg3 48. Ke1 Rxf3 49. Bf5 Rff2 50. d6 Rfg2 51. Kf1 f3 0-1

[Event "Santa Cruz-ch"]
[Site "Santa Cruz"]
[Date "2014.10.02"]
[Round "4"]
[White "Abasto Chavez, Dorian Quintin"]
[Black "Almendras, Elias"]
[Result "0-1"]
[WhiteElo "1848"]
[BlackElo "2077"]
[PlyCount "112"]
[EventDate "2014.09.29"]
[EventType "tourn"]
[EventRounds "9"]
[EventCountry "BOL"]
[SourceTitle "EXT 2015"]
[Source "ChessBase"]
[SourceDate "2014.11.20"]
[SourceVersion "1"]
[SourceVersionDate "2014.11.20"]
[SourceQuality "1"]

1. Nf3 Nf6 2. d4 d5 3. c4 c6 4. Nc3 e6 5. Bg5 Nbd7 6. e3 Bd6 7. Rc1 h6 8. Bh4 b6 9. Qc2 Bb7 10. Bd3 Rc8 11. e4 dxc4 12. Bxc4 e5 13. 0-0 Qe7 14. Rfd1 0-0 15. Bb3 Rfd8 16. dxe5 Nxe5 17. Nd4 Neg4 18. h3 g5 19. Nf5 Bh2+ 20. Kh1 Qe5 21. hxg4 gxh4 22. Nxh6+ Kg7 23. Nxf7 Rxd1+ 24. Rxd1 Qf4 25. Qd2 Nxg4 26. Qxf4 Bxf4 27. Rd7 Rc7 28. Rxc7 Bxc7 29. Kg1 b5 30. Ng5 Bb6 31. Nd1 a5 32. Kf1 Bc8 33. Nf3 a4 34. Bc2 Be6 35. b3 a3 36. Nd2 Bxf2 37. Ke2 Bd4 38. Nf3 Bf6 39. Ne3 Nxe3 40. Kxe3 c5 41. e5 Be7 42. Kd3 Kg6 43. Kc3+ Kh5 44. Bd3 b4+ 45. Kc2 Bd5 46. Bf5 c4 47. bxc4 Bxc4 48. Kb1 b3 49. axb3 Bxb3 50. Nd2 a2+ 51. Ka1 Bd5 52. Ne4 Kh6 53. g3 hxg3 54. Nxg3 Kg5 55. Bc2 Kf4 56. Nf1 Bc5 0-1

[Event "Santa Cruz-ch"]
[Site "Santa Cruz"]
[Date "2014.09.29"]
[Round "1"]
[White "Almendras, Elias"]
[Black "Pinto, Daniel"]
[Result "0-1"]
[WhiteElo "2077"]
[BlackElo "1991"]
[PlyCount "62"]
[EventDate "2014.09.29"]
[EventType "tourn"]
[EventRounds "9"]
[EventCountry "BOL"]
[SourceTitle "EXT 2015"]
[Source "ChessBase"]
[SourceDate "2014.11.20"]
[SourceVersion "1"]
[SourceVersionDate "2014.11.20"]
[SourceQuality "1"]

1. e4 c6 2. d4 d5 3. Nc3 dxe4 4. Nxe4 Bf5 5. Ng3 Bg6 6. h4 h6 7. Nf3 Nd7 8. h5 Bh7 9. Bd3 Bxd3 10. Qxd3 Ngf6 11. c4 e6 12. Bd2 Be7 13. Bc3 0-0 14. 0-0-0 b5 15. c5 a5 16. Rh3 b4 17. Be1 Nd5 18. Qc4 Qc7 19. Bd2 Rfb8 20. Ne2 Rb5 21. Kb1 N7f6 22. Qd3 a4 23. Ne5 Rab8 24. Rc1 Bxc5 25. Rc4 Nc3+ 26. Nxc3 bxc3 27. Bxc3 Ba3 28. Rxc6 Rxb2+ 29. Bxb2 Rxb2+ 30. Ka1 Qb7 31. Rh1 Rxa2+ 0-1